000 00518 cama220015757a4500
001 000017572
005 20200929165145.0
008 020131s2001 mx 000 0 spa
040 _aDO-SdBNP
_bspa
_cBNPHU
082 _axxxx
_bA696a
100 1 _aArias de la Canal, Fredo.
_98096
245 1 0 _aAntologia cosmica lirica deJuan Carlos Garrote y Gil /
_cFredo Arias de la Canal.
260 _aMexico :
_bFrente de Afirmacion Hispanista,
_c2001.
300 _a48 p. ;
_c21 cm.
700 1 _aGarrote y Gil, Juan Carlos.
_938338
999 _c17097
_d17097